Enciclopedia de la Vida: (Registro nro. 35854)
[ vista simple ]
| 000 -CABECERA | |
|---|---|
| Longitud fija campo de control | 00866nam a22002657a 4500 |
| 003 - • IDENTIFICADOR DELl NÚMERO DE CONTROL | |
| Identificador del número de control | CO-ViMGA |
| 008 - • CÓDIGOS DE INFORMACIÓN DE LONGITUD FIJA | |
| Códigos de información de longitud fija | 160901b xxu||||| |||| 00| 0 eng d |
| 020 ## - • NÚMERO INTERNACIONAL NORMALIZADO PARA LIBROS | |
| Número Internacional Normalizado para Libros (ISBN) | 9789588756639 |
| 040 ## - FUENTE DE LA CATALOGACIÓN | |
| Centro catalogador de origen | CO-ViMGA |
| Lengua de catalogación | spa |
| Centro transcriptor | CO-ViMGA |
| 041 ## - • CÓDIGO DE LENGUA | |
| Código de lengua original | Esp |
| 082 04 - • NÚMERO DE LA CLASIFICACIÓN DECIMAL DEWEY | |
| Número de clasificación (R) | R570 |
| Número del ítem | B162 |
| 100 1# - • PUNTO DE ACCESO PRINCIPAL-NOMBRE DE PERSONA | |
| Nombre de persona | Banes, Graham L |
| 245 10 - • TITULO PROPIAMENTE DICHO | |
| Título | Enciclopedia de la Vida: |
| Resto del título | Minutos, Meses, Milenios ¿Cuanto Dura cada Vida en la Tierra? |
| 246 ## - • VARIANTES DE TÍTULO | |
| Título propio / Título en breve | The Kingfisher Encyclopedia of Life |
| 250 ## - • MENCIÓN DE EDICIÓN | |
| Mención de edición | Primera |
| 300 ## - • DESCRIPCIÓN FÍSICA | |
| Extensión | 160 p |
| Otras características físicas | : il.; tab.; Color |
| 500 ## - • NOTA GENERAL | |
| Nota general | Incluye Glosario |
| 500 ## - • NOTA GENERAL | |
| Nota general | Incluye Índice |
| 650 14 - • PUNTO DE ACCESO ADICIONAL DE MATERIA - TÉRMINO DE MATERIA | |
| Término de materia o nombre geográfico como elemento inicial | Biología |
| Subdivisión de forma | Enciclopedias |
| 650 14 - • PUNTO DE ACCESO ADICIONAL DE MATERIA - TÉRMINO DE MATERIA | |
| Término de materia o nombre geográfico como elemento inicial | Ciencias Naturales |
| Subdivisión de forma | Enciclopedias |
| 650 14 - • PUNTO DE ACCESO ADICIONAL DE MATERIA - TÉRMINO DE MATERIA | |
| Término de materia o nombre geográfico como elemento inicial | Vida |
| Subdivisión de forma | Enciclopedias |
| 710 ## - • PUNTO DE ACCESO ADICIONAL - NOMBRE DE ENTIDAD | |
| Nombre de entidad o nombre de jurisdicción como elemento inicial | Panamericana Editorial LTDA |
| 942 ## - ENTRADA DE ELEMENTOS AGREGADOS (KOHA) | |
| Fuente de clasificaión o esquema | Dewey Decimal Classification |
| Koha [por defecto] tipo de item | Libro Referencia |
| Perdido | Fuente de clasificación o esquema | Estado Físico | No para préstamo | Forma de adquisición | Localización permanente | Localización actual | Fecha adquisición | Préstamos totales | Signatura completa | Código de barras | Fecha última consulta | Número de copia | Fecha del precio de reemplazo | Tipo de item de Koha |
|---|---|---|---|---|---|---|---|---|---|---|---|---|---|---|
| Dewey Decimal Classification | Sala General Segundo Piso | Biblioteca Pública Germán Arciniegas - Villavicencio | Biblioteca Pública Germán Arciniegas - Villavicencio | 09/01/2016 | R570 B162 | 30418 | 10/24/2018 | Ej. 1 | 09/01/2016 | Libro Referencia |